| 000 | 02561nam a22002657a 4500 | ||
|---|---|---|---|
| 001 | 126389 | ||
| 003 | UA-OsUOA | ||
| 005 | 20220520144219.0 | ||
| 007 | ta | ||
| 008 | 20171018b un ||||| |||| 00| 0 ukr d | ||
| 020 | _a9786177279647 | ||
| 040 |
_aUA-OsUOA _bukr _cUA-OsUOA _dUA-OsUOA |
||
| 041 | _aukr | ||
| 080 | _a821.161.2 | ||
| 090 |
_a821.161.2 _bГ89 |
||
| 100 | _aГрофф Л. | ||
| 245 |
_aДолі та фурії _cЛорен Грофф ; пер. з англ. Ольга Захарченко |
||
| 260 |
_aК. _bНаш формат _c2016 |
||
| 300 | _a408 с. | ||
| 520 | _aРоман «Долі та фурії» одразу після публікації опинився у списку улюблених книжок Барака Обами, а також увійшов до рейтингів найкращих книжок року за версією Amazon, Washington Post, Time, Kirkus та інших ЗМІ. В центрі сюжету — життя успішного драматурга Ланселота «Лотто» і його коханої дружини Матильди, яка усе життя провела в тіні чоловіка. Дія роману розгортається у Нью-Йорку впродовж двадцяти п’яти років. Але одного дня стає зрозуміло, що самозакоханий геній Лотто — лише маріонетка в руках своєї дружини. Зовні ідеальний шлюб іде тріщинами: повага поступається місцем брехні, кохання — інтригам. Для поціновувачів якісної художньої літератури, усіх, кого цікавить сучасна американська проза, психологія, сімейні стосунки. «Долі та фурії» — живий роман про живих людей. Авторка з ретельністю сімейного психолога препарує шлюб, зазирає у минуле, дізнається родинні таємниці, аналізує вчинки і витягує з шафи старі скелети. Джерело: https://nashformat.ua/products/doli-ta-furii-703587 | ||
| 650 | 7 |
_a821 Художня література окремими мовами і мовними сім'ями _2UDC |
|
| 942 |
_cBK _2udc |
||
| 955 | _a3 | ||
| 999 |
_c413580 _d413580 |
||